00461 2200181 4500001002100000005001500021008004100036020001800077035001900095041000700114082000800121090001400129100002100143245003500164260003500199300002400234650002100258INLIS00000000002123120241224131017241224||||||||| | ||| |||| || |  a979-002-606-4 0010-1224021231 aid0 a635 a635 HEN b0 ahendro sunarjono00aBerkebun 26 JENIS TANAMAN BUAH aJakartabPenebar Swadayac2013 a204 hlm.;ilus;23 cm 0aTanaman dan Buah